Germany and the enlargement of the European union to the Czech Republic

Na minha lista:
Detalhes bibliográficos
Autor principal: Bazin, Anne
Formato: Livro
Idioma:inglês
Publicado em: San Domenico (FI) European University Institute 1999
Colecção:EUI Working paper RSC No. 99/21
Assuntos:
Tags: Adicionar Tag
Sem tags, seja o primeiro a adicionar uma tag!

MARC

LEADER 00000nam a2200000 4500
001 c132330
005 20221108123752.9
041 0 |a eng 
044 |a IT 
245 1 0 |a Germany and the enlargement of the European union to the Czech Republic  |c Anne Bazin 
264 1 |a San Domenico (FI)  |b European University Institute  |c 1999 
300 |a 38 s. 
490 1 |a EUI Working paper RSC  |v No. 99/21 
830 0 |a EUI Working paper RSC  |v No. 99/21 
610 2 0 |a integrácia ekonomická medzinárodná 
610 2 0 |a spolupráca hospodárska medzinárodná 
610 2 0 |a Európska únia 
610 2 0 |a Nemecko 
610 2 0 |a Česko 
100 1 |a Bazin, Anne